Pozycja Corporate Name
Liczba rekordów, w których użyto hasła: 1
001 - Numer kontrolny
- control field: 38857
003 - Identyfikator numeru kontrolnego
- control field: NUKAT
005 - Data i czas ostatniej modyfikacji
- control field: 20260324101201.0
008 - Dane kontrolne kodowane (40 znaków)
- fixed length control field: 050120n||azznnbabn |a ana |c
010 ## - Numer kontrolny Biblioteki Kongresu
- numer kontrolny LC: p 2004418871
024 7# - OTHER STANDARD IDENTIFIER
- Standard number or code: 151912351
- Source of number or code: viaf
035 ## - Numer systemowy
- numer systemowy: a11930652
035 ## - Numer systemowy
- numer systemowy: (PL)a0000001193065
040 ## - Instytucja sporządzająca rekord
- inst. przygot. dane do rek. khw: WA N
- język haseł przedmiotowych/tezaurus: DBN
- inst. wprow. rek. khw: WA N
043 ## - Kod obszaru geograficznego
- ISO code: PL
046 ## - Special dates
- Establishment date: 1946
110 2# - Hasło - nazwa ciała zbiorowego
- nazwa ciała zbior. lub geogr. na pocz.: Ossolineum
368 ## - Other Attributes
- Corp type: Wydawnictwa (instytucje)
370 ## - Associated place
- Country: Polska
370 ## - Associated place
- Other assoc. place: Wrocław (woj. dolnośląskie)
372 ## - Field of activity
- Field: Drukarstwo
372 ## - Field of activity
- Field: Edytorstwo
377 ## - Assoc lang
- Lang code: pol
410 2# - Trop zob. - nazwa ciała zbiorowego
- nazwa ciała zbior. lub geogr. na pocz.: Zakład Narodowy im. Ossolińskich
410 2# - Trop zob. - nazwa ciała zbiorowego
- nazwa ciała zbior. lub geogr. na pocz.: Zakład Narodowy im. Ossolińskich (ZNiO)
410 2# - Trop zob. - nazwa ciała zbiorowego
- nazwa ciała zbior. lub geogr. na pocz.: Ossolineum - Zakład Narodowy im. Ossolińskich
410 2# - Trop zob. - nazwa ciała zbiorowego
- nazwa ciała zbior. lub geogr. na pocz.: Fundacja - Zakład Narodowy im. Ossolińskich
410 2# - Trop zob. - nazwa ciała zbiorowego
- nazwa ciała zbior. lub geogr. na pocz.: Zakład imienia Ossolińskich
410 2# - Trop zob. - nazwa ciała zbiorowego
- nazwa ciała zbior. lub geogr. na pocz.: Institutum Ossolinianum
410 2# - Trop zob. - nazwa ciała zbiorowego
- nazwa ciała zbior. lub geogr. na pocz.: Ossoliński National Institute
410 2# - Trop zob. - nazwa ciała zbiorowego
- nazwa ciała zbior. lub geogr. na pocz.: Polska Akademia Nauk.
- nazwa jednostki podrzędnej: Zakład Narodowy im. Ossolińskich
410 2# - Trop zob. - nazwa ciała zbiorowego
- nazwa ciała zbior. lub geogr. na pocz.: Zakład im. Ossolińskich
410 2# - Trop zob. - nazwa ciała zbiorowego
- nazwa ciała zbior. lub geogr. na pocz.: ZNiO
410 2# - Trop zob. - nazwa ciała zbiorowego
- nazwa ciała zbior. lub geogr. na pocz.: Zakład Narodowy im. Ossolińskich. Wydawnictwo Polskiej Akademii Nauk
410 2# - Trop zob. - nazwa ciała zbiorowego
- nazwa ciała zbior. lub geogr. na pocz.: Zakład Narodowy imienia Ossolińskich Wydawnictwo
510 2# - Trop zob. też - nazwa ciała zbiorowego
- nazwa ciała zbior. lub geogr. na pocz.: Ossolineum (Lwów)
510 2# - Trop zob. też - nazwa ciała zbiorowego
- podpole kontrolne: h
- nazwa ciała zbior. lub geogr. na pocz.: Biblioteka Ossolineum
510 2# - Trop zob. też - nazwa ciała zbiorowego
- podpole kontrolne: h
- nazwa ciała zbior. lub geogr. na pocz.: Wydawnictwo Ossolineum
510 2# - Trop zob. też - nazwa ciała zbiorowego
- podpole kontrolne: h
- nazwa ciała zbior. lub geogr. na pocz.: Gabinet Kartografii (Ossolineum)
510 2# - Trop zob. też - nazwa ciała zbiorowego
- podpole kontrolne: h
- nazwa ciała zbior. lub geogr. na pocz.: Muzeum Książąt Lubomirskich
510 2# - Trop zob. też - nazwa ciała zbiorowego
- podpole kontrolne: h
- nazwa ciała zbior. lub geogr. na pocz.: Muzeum Pana Tadeusza
510 2# - Trop zob. też - nazwa ciała zbiorowego
- podpole kontrolne: h
- nazwa ciała zbior. lub geogr. na pocz.: Pracownia Reprograficzna (Ossolineum)
550 ## - Trop zob. też - nazwa pospolita
- nazwa posp. lub nazwa geogr. na pocz.: Kolekcja Jana i Jadwigi Nowak-Jeziorańskich
550 ## - Trop zob. też - nazwa pospolita
- nazwa posp. lub nazwa geogr. na pocz.: Nagroda Jana Nowaka-Jeziorańskiego
665 ## - Nota historyczna
- nota historyczna: Zakład Narodowy im. Ossolińskich powołany we Lwowie w 1817 przez Józefa Maksymiliana Ossolińskiego. W 1946 przeniesiony do Wrocławia. W 1953 podporządkowany PAN i podzielony na odrębne instytucje: Bibliotekę i Wydawnictwo. W 1995 restytuowany jako samodzielna fundacja.
670 ## - Źródło informacji
- źródło informacji: Ossolineum : 1817-1967 : księga pamiątkowa w 150-lecie Zakładu Narodowego imienia Ossolińskich / [red. naukowy Bolesław Olszewicz]. - Wrocław, 1967.
670 ## - Źródło informacji
- źródło informacji: Mała encyklopedia architektury i wnętrz / Klemens Krajewski. - Wrocław, 1974.
- gdzie znaleziono informację: S. przedtyt. (Zakład Narodowy imienia Ossolińskich Wydawnictwo)
670 ## - Źródło informacji
- źródło informacji: Ossolineum - Zakład Narodowy im. Ossolińskich.
- adres internetowy: https://ossolineum.pl
670 ## - Źródło informacji
- źródło informacji: EWoK
670 ## - Źródło informacji
- źródło informacji: NEP